000 004460000a22001810004500
003 MACL
005 20151017130754.0
008 151017b xxu||||| |||| 00| 0 eng d
040 _aMACL
_cMACL
041 _aEnglish
082 _a920/SAX
100 _aSaxena, A P
_915647
245 _aJawaharlal Nehru
_bThe Spirit of Humanism
260 _bAne Books
_c2008
_aIndia
350 _a395
650 _aBiography
_915648
942 _cBK
_k920/SAX
_2ddc
999 _c42060
_d42060